000 00614nam a2200217Ia 4500
003 OSt
005 20220923230233.0
006 a|||||r|||| 00| 0
007 ta
008 Pun
024 _a278,640
037 _cTextual
040 _aARTS
_cARTS
_bPun
041 _2Pun
_aPun
082 _aY:1.236.N7, 153M3
100 _aਜੱਸ, ਜਸਬੀਰ ਸਿੰਘ
245 0 _aਪੰਜਾਬੀ ਸਭਿਆਚਾਰ ਉਤੇ ਬਦੇFੀ ਪ੍ਰਭਾਵ
260 _c1983
942 _hY:1.236.N7, 153M3
_cTEXL
_2CC
999 _c383434
_d383434